000 00654nam a2200205 4500
001 122365
003 ES-MaACL
005 20230906191949.0
007 t|
008 070214s1981 sp r ||||1| spa d
100 1 _aPowell, Graham E.
_993498
245 1 0 _aCerebro y personalidad /
_cGraham E. Powell ; traducción de Rafael Burgaleta.
260 _aMadrid :
_bMarova,
_c1981.
300 _a170 p. :
_bil. ;
_c21 cm.
490 1 _aBiblioteca Marova de estudios del hombre
700 1 _aBurgaleta, Rafael.
_932614
830 0 _aBiblioteca Marova de estudios del hombre
_9181307
852 _aES-MaACL
_jL-1243
_bR.101735
999 _c122365
_d122365